Visualizzazione normale
Vista MARC
- Galati, Francesco Licinio
di Personal Name
Records bibliografici associati: 1
001 - CONTROL NUMBER
- control field: 33975
003 - CONTROL NUMBER IDENTIFIER
- control field: IT-RoPau
005 - DATE AND TIME OF LATEST TRANSACTION
- control field: 20140929095740.0
008 - FIXED-LENGTH DATA ELEMENTS
- fixed length control field: 140929|| aca||aabn | a|a d
040 ## - CATALOGING SOURCE
- Original cataloging agency: IT-RoPau
- Transcribing agency: IT-RoPau
100 ## - HEADING--PERSONAL NAME
- Personal name: Galati, Francesco Licinio
670 ## - SOURCE DATA FOUND
- Source citation: Work cat.: (IT-RoPau)14150: Galati, Francesco Licinio, Dizionario della Letteratura Mondiale del 900, 1980